000 00531nam a2200217 a 4500
001 0001-1941
003 ELIB.Books
008 181212 2010 eng
020 _aKBTS
092 _a15047, 13733
_bSmi
100 _aSmiles, Samuel.
245 _aDuty
260 _aBombay
_bWilco Publishing House
_c1880
300 _a365
_c20.5 Cm
650 _aPsychology
856 _nKBTS Library
_uKBTS Elib
942 _2ddc
_cBK
990 _a1
998 _aEnglishbooks.elf
_ccat
_e2018-12-12
999 _c11941
_d11941